000 01148cam a2200349 i 4500
003 EG-GICUC
005 20260224075947.0
008 930406s1993 mnu fr 001 0 eng d
020 _a0314020152
020 _a9780314020154
040 _aDLC
_cDLC
_dDLC
_dEG-GICUC
_beng
_erda
043 _an-us---
050 0 0 _aKF410
_b.C7 1993
082 0 0 _a341.84
_221
092 0 4 _221
099 _aLaw 12 1993
245 0 0 _aConflict of laws :
_bcases, comments, questions /
_cby Roger C. Cramton ... [et al.].
250 _a5th edition.
264 _aSt. Paul, Minn. :
_bWest Pub. Co.,
_c1993.
300 _axix, xxxvii, 743 pages ;
_c26 cm.
336 _atext
_2rdacontent
337 _aComputer
_2rdamedia
338 _aOnline Resource
_2rdacarrier
440 0 _aAmerican casebook series
500 _aRev. ed. of: Conflict of laws / by Roger C. Cramton, David P. Currie, and Herma Hill Kay. 4th ed. 1987.
500 _aIncludes index.
650 0 _aConflict of laws
_zUnited States
_xCases.
700 1 _aCramton, Roger C.
856 4 0 _uhttps://fll.law.cu.edu.eg/fulltext/bks/ENGB12-00021.pdf
905 _a10
942 _2ddc
_cBK
_e21
_n0
999 _c64097
_d64097